00918nam a2200289Ia 4500001000700000003000500007008004100012010001100053020005800064040000900122082001500131100001800146245012300164250002100287260003000308300001100338500007500349503001400424504002700438650001100465650001600476650001300492650003300505650001800538700004300556700002900599Z_6331CHAP220113s1985 xx 000 0 und d a169584 a0-7063-1615-0 (versión en inglés) \ 968-26-0376-5 cCHAP a638.11 M33 aMace, Herbert aManual completo de apicultura /cHerbert Mace; trucción Emeterio Elu Acha; revisión Gabriela Labrador Fernández a2a reimpresión aMéxico :bCECSA,c1985 a238 p. aTraducido de la obra en inglés: The complete handbook of bee-keeping aej.1: C/E aIncluye bibliografía aAbejas aApicultura  aColmenas aEquipamiento para apicultura aMiel en panal a Labrador Fernández, Gabriela, rev. aAcha, Emeterio Elu, tr.